000
00314 a2200157 4500
001
60149
020
_a
040
_c
Anchieta - Pituba
100
_a
Paulino, Graça
240
1
0
_a
Literatura
_l
por
245
1
0
_a
Literatura
300
_a
267
362
0
_a
1988
650
4
_a
Literatura brasileira
942
_c
BK
999
_c
60149
_d
60149